Regions of Europe by Flag - Statistics

General Stats
  • This quiz has been taken 37 times
    34 since last reset
  • The average score is 7 of 16
Answer Stats
Picture Hint Answer % Correct
Denmark Faroe Islands
91%
France Brittany
85%
United Kingdom Cornwall
74%
Netherlands Friesland
71%
Italy Lombardy
71%
Spain Andalusia
56%
Germany Saxony
53%
Belgium Luxembourg
47%
Portugal Lisbon
44%
Russia Saint Petersburg
38%
Czechia Prague
35%
Austria Burgenland
18%
Switzerland Vaud
18%
Ireland Sligo
9%
Norway Vestfold
6%
Sweden Medelpad
0%
No matching quizzes found
Score Distribution
Percent of People with Each Score
Percentile by Number Answered
Your Score History
You have not taken this quiz since the last reset